| 000 | 00915nam a22002297a 4500 | ||
|---|---|---|---|
| 005 | 20220317101810.0 | ||
| 008 | 220308s2007 sp|||||fr|||| 00| 0 spa d | ||
| 020 | _a9788436944297 | ||
| 040 |
_aMX-MxUPN _bspa _cUPN |
||
| 050 | 1 | 4 |
_aLC1099.5 E5 _bV6.3 |
| 245 | 0 |
_aVoces del aula : _betnografías de la escuela multiligüe / _c[ed.: Luisa Martín Rojo y Laura Mijares] |
|
| 260 |
_a[España] : _bMinisterio de Educación y Ciencia, Centro de Investigación y Documentación Educativa , _c[2007?] |
||
| 300 |
_a251 p. : _bfot. |
||
| 440 |
_944027 _aColección Estudios Creade _v3 |
||
| 500 | _aMención de responsabilidad tomada del reverso de la portada. | ||
| 650 | 7 |
_944030 _aEducación multilingüe _zEspaña |
|
| 650 | 2 |
_913660 _aEDUCACION MULTICULTURAL - _zESPAÑA |
|
| 700 | 1 |
_944028 _aRojo, Luisa Martín _eed. |
|
| 700 | 1 |
_944029 _aMijares Molina, Laura _eed. |
|
| 942 |
_2lcc _cLIBRO |
||
| 999 |
_c208232 _d208232 |
||